000 00222nam a2200097Ia 4500
082 _aEF LEWI
245 0 _aLate Payments
100 _aLewin Michael Z
_963879
942 _cBK
008 210817s9999 xx 000 0 und d
999 _c202914
_d202916